MDQL
is popping MORE tags! Check the
thread
!
Quizzes
Events
Quiz Creation
Community
Videos
Private Events
Remove Ads
Sign In
Join for FREE
Feedback
Dark Mode
Quiz Categories
Sports
Geography
Music
Movies
Television
Just For Fun
Miscellaneous
History
Literature
Language
Science
Gaming
Entertainment
Religion
Holiday
For Kids
Quiz Lab
Recent
Popular Today
Quiz Kudos Today
Editor Picks
Curator Picks
Quizzes by...
Day
Popularity
Type
Ratings
Length
Year
Community
Subscriptions
Recent Discussions
Orange Saloon
Badges
Playlists
Quests
Create
Leaderboards
Showdown
Live 5
Trivia Bingo
Activity
Puzzle Library
Sporcle Events
Private Events
Virtual Trivia
Globe League
Become a Host
Pub Owners
SporcleCon
Opinionation
Our Games
Videos
Blog
Mobile Apps
Partnerships
Remove Ads and Go Orange
Feedback
Science
Computer
Plants
Astronomy
Chemistry
Elements
Math
Animal
Physics
Anatomy
Biology
Geology
General Science
Science
Computer
Plants
Astronomy
Chemistry
Elements
Math
Animal
Physics
Anatomy
Biology
Geology
General Science
Random Quiz
Search Sporcle
×
Quiz Lab
Quiz Lab
Science
Elements
Type in answers that appear in a list
Type in answers that appear in a list
Classic
Best Score? Go Orange.
Consecutive Vowel Elements (But not 'IU') Stats
Can you name the Elements with consecutive vowels other than 'IU'?
By
planetmutty
4m
12 Questions
35 Plays
35 Plays
35 Plays
Comments
Comments
Give Quiz Kudos
Give Quiz Kudos
-
- Ratings
hide this ad
More Info
Replay
Link that replays current quiz
Next Quiz
Link to next quiz in quiz playlist
You Got
0%
They Got
Avg Score
40%
Avg Friend Score
Upgrade to see
Score Distribution
Jump to the score distribution portion of the page
Score
0/12
Timer
04:00
0
Plays Today
% Correct
Neon
71.4%
Fluorine
60%
Einsteinium
51.4%
Lead
48.6%
Europium
45.7%
Iodine
37.1%
Praseodymium
37.1%
Niobium
31.4%
Neodymium
31.4%
Seaborgium
28.6%
Roentgenium
25.7%
Meitnerium
22.9%
Quiz Playlist
Details
Report
Send in Message
Add To Playlist
More Info:
Element names with two consecutive vowels excluding 'IU'
Classic:
Type in answers that appear in a list
Last Updated: Sep 16, 2017
Quiz Scoreboard
CHALLENGE
Sign Up to Join the Scoreboard
Show All
Scores
Hide
Comments
May contain spoilers
Recently Published
Find the 'City' Movie
by crazypaving
Movies
60s
5x2 Blitz: Bands
by SL_Kpop136
Music
30s
Colored Red Africa Blitz
by spor1
Geography
30s
More to Explore
Quiz From the Vault
Featured Blog Post
14 Easter Pick-up Lines to Find Eggs With
hide this ad
You Might Also Like...
Tags
Elements Quiz
Letter Quiz
Consecutive Letter
Double Vowel
Periodic Elements
Today's Top Quizzes in Science
Browse Science
hide this ad
Today's Top Quizzes in Elements
Browse Elements
Top Contributed Quizzes in Science
1
Windmill: Elements
2
17 TIMES TABLE
3
Glycolysis
4
Square Numbers Scrambled (1-50)
5
Astronomy Spelling Bee
6
'C' Flowers II
7
Vet Tech Pharmacology Drug Contraindications
8
Missing Vowel Minefield: Lanthanides
9
Sorting Squares: Animals by Continent
10
3-letter Elementary Words
Explore More
Trending Topics
Harry Potter
Anime
Disney
NBA
Marvel
Kpop
Crossword
Country
The Office
WWE
NFL
Puzzle
Song
Soccer
Pokémon
hide this ad
More By:
planetmutty
Quiz
Plays
Rating
Category
Featured
Created
'-GUE' Ending Words
9,794
4.75
Language
Feb 15, 2023
-OLA words
2,000
4.86
Language
May 8, 2021
Rolling Stones Songs from their Lyrics
1,435
4.52
Music
Feb 17, 2018
'M' Literature Quiz
1,423
4.72
Literature
Nov 27, 2019
QUE ending words
1,187
5.00
Language
Feb 13, 2023
Go to Creator's Profile
Score Distribution
Quiz Creator Spotlight
planetmutty
Follow
Send a Message
Quizzes Created
-
Created Quiz Play Count
-
More By This Creator
Popular Quizzes Today
1
Colored Red Africa Blitz
2
Find the 'City' Movie
3
Find the US States - No Outlines Minefield
4
5x2 Blitz: Bands
5
The Countries of the World
6
Find the US States
7
Find the Countries of Europe - No Outlines Minefield
8
US States
More Science Quizzes
Minute Math (Mixed Operations II)
Published
Trending Quizzes
Colored Red Europe Blitz I
Colored Red Africa Blitz II
Colored Red Europe Blitz II
Colored Red Africa Blitz III
Colored Red Europe Blitz III
Recently Updated
How Do You Spell That?
pecheneg
Godzilla Movies
pecheneg
Grab Bag: 4-10 Letters
pecheneg
2024 March Madness Bracket
pecheneg
Famous TV Couples
Peacemaker
Champions League XIs: Real Madrid
pecheneg
Largest US Cities 1790-2010
pecheneg
Rides in Walt Disney World
pecheneg
Most Oscar Losses (Acting)
pecheneg
Beyoncé Albums
pecheneg
Trending Topics
Marvel
NBA
Anime
Harry Potter
Crossword
Kpop
Disney
NFL
Song
Pokémon
Puzzle
WWE
Country
Soccer
The Office
Your Account Isn't Verified!
In order to create a playlist on Sporcle, you need to verify the email address you used during registration. Go to your
Sporcle Settings
to finish the process.
Report this User
Report this user for behavior that violates our
Community Guidelines
.
Details:
Send Report
Go to the Sporcle.com Mobile Site →
Comments